The Moonstone (Record no. 186686)
[ view plain ]
| 000 -LEADER | |
|---|---|
| fixed length control field | 00710 a2200169 4500 |
| 003 - CONTROL NUMBER IDENTIFIER | |
| control field | Nust |
| 005 - DATE AND TIME OF LATEST TRANSACTION | |
| control field | 20230525104335.0 |
| 040 ## - CATALOGING SOURCE | |
| Transcribing agency | Nust |
| 082 ## - DEWEY DECIMAL CLASSIFICATION NUMBER | |
| Classification number | 823, COL |
| 100 ## - MAIN ENTRY--PERSONAL NAME | |
| Personal name | Cole,Margaret |
| 9 (RLIN) | 50636 |
| 245 ## - TITLE STATEMENT | |
| Title | The Moonstone |
| Statement of responsibility, etc. | Wilkie Collins |
| 260 ## - PUBLICATION, DISTRIBUTION, ETC. | |
| Place of publication, distribution, etc. | London |
| Name of publisher, distributor, etc. | Collins and Glasgow |
| 300 ## - PHYSICAL DESCRIPTION | |
| Extent | 148:p |
| 505 ## - FORMATTED CONTENTS NOTE | |
| Formatted contents note | The Storming Of The Seringgapatam (Page-19), The Loss Of Diomend (Page-25), The Discovery Of The Truth (Page-193), First Narrative (Page-193),Second Narrative (Page-259), Three Narrative(Page-282),Fourth Narrative(Page-377),Fifth Narrative (Page-410),Sixth Narrative (Page-426),Seventh Narrative (Page-436),Eight Narrative (Page-438). |
| 650 ## - SUBJECT ADDED ENTRY--TOPICAL TERM | |
| Topical term or geographic name entry element | Literature |
| 9 (RLIN) | 6261 |
| 942 ## - ADDED ENTRY ELEMENTS (KOHA) | |
| Source of classification or shelving scheme | |
| Koha item type | Book |
| Withdrawn status | Lost status | Source of classification or shelving scheme | Damaged status | Not for loan | Permanent Location | Current Location | Shelving location | Date acquired | Full call number | Barcode | Date last seen | Price effective from | Koha item type | Public note |
|---|---|---|---|---|---|---|---|---|---|---|---|---|---|---|
| Military College of Signals (MCS) | Military College of Signals (MCS) | General Stacks | 12/12/2016 | 823,COL | MCS30135 | 12/08/2016 | 12/12/2016 | Book | Almirah No.57, Shelf No.5 |
